[Event "Keres Memorial (Women)"]
[Site "Tallinn"]
[Date "2009.01.10"]
[Round "2"]
[White "Kozjukova, Olga"]
[Black "Paehtz, Elisabeth"]
[Result "0-1"]
[WhiteElo "2045"]
[BlackElo "2455"]
[PlyCount "64"]
[EventDate "2009.01.10"]
[EventType "tourn (rapid)"]
[EventRounds "7"]
[EventCountry "EST"]
[SourceTitle "CBM 128 Extra"]
[Source "ChessBase"]
[SourceDate "2009.03.05"]
[SourceVersion "2"]
[SourceVersionDate "2009.03.25"]
[SourceQuality "1"]

1. e4 e5 2. Nf3 Nc6 3. Bb5 a6 4. Bxc6 dxc6 5. 0-0 Qf6 6. d4 exd4 7. Nxd4 c5 8. Nf3 Bg4 9. Nbd2 0-0-0 10. Qe2 Ne7 11. h3 Bh5 12. Rb1 Nc6 13. Qe3 h6 14. c3 Qe6 15. b3 g5 16. Ba3 b6 17. b4 Qxa2 18. Ra1 Qc2 19. bxc5 Rd3 20. Qe1 Qxc3 21. Qe2 Nd4 22. Qe1 Bxf3 23. Nxf3 Rxf3 24. Qd1 Rf4 25. Qa4 Bxc5 26. Qxa6+ Kd7 27. Bxc5 bxc5 28. Qb7 Qb3 29. Qa6 Qe6 30. Qa4+ Ke7 31. Qa5 Qb6 32. Qc3 Ne2+ 0-1

[Event "Keres Memorial (Women)"]
[Site "Tallinn"]
[Date "2009.01.10"]
[Round "1"]
[White "Tsiganova, Monika"]
[Black "Kozjukova, Olga"]
[Result "0-1"]
[WhiteElo "2189"]
[BlackElo "2045"]
[PlyCount "82"]
[EventDate "2009.01.10"]
[EventType "tourn (rapid)"]
[EventRounds "7"]
[EventCountry "EST"]
[SourceTitle "CBM 128 Extra"]
[Source "ChessBase"]
[SourceDate "2009.03.05"]
[SourceVersion "2"]
[SourceVersionDate "2009.03.25"]
[SourceQuality "1"]

1. d4 Nf6 2. Nf3 e6 3. e3 b6 4. Bd3 Bb7 5. 0-0 c5 6. b3 d5 7. Bb2 Be7 8. Nbd2 0-0 9. Ne5 Nc6 10. c4 dxc4 11. Nxc6 Bxc6 12. bxc4 Rc8 13. Rc1 Qd7 14. Nf3 Qb7 15. Bb1 Rfd8 16. Qe2 b5 17. dxc5 bxc4 18. Rfd1 Rxd1+ 19. Rxd1 Bxf3 20. gxf3 Rxc5 21. e4 Rb5 22. Bxf6 Bxf6 23. Bc2 Qc7 24. Qd2 g6 25. f4 Rb2 26. e5 Be7 27. a4 c3 28. Qd3 Kg7 29. Rc1 Bb4 30. Bd1 Qb6 31. Rc2 Ba5 32. Kg2 Rb1 33. Bf3 Ra1 34. Qd7 Qb3 35. Be4 Qxa4 36. Qb7 Qd4 37. Re2 Bb6 38. f5 gxf5 39. Bxf5 exf5 40. h3 c2 41. e6 c1Q 0-1

[Event "Stare Mesto op"]
[Site "Stare Mesto"]
[Date "2007.08.13"]
[Round "5"]
[White "Kozjukova, Olga"]
[Black "Blaha, Petr"]
[Result "0-1"]
[WhiteElo "1997"]
[BlackElo "2128"]
[PlyCount "108"]
[EventDate "2007.08.10"]
[EventType "swiss"]
[EventRounds "10"]
[EventCountry "CZE"]
[SourceTitle "CBM 119 Extra"]
[Source "ChessBase"]
[SourceDate "2007.09.04"]
[SourceVersion "1"]
[SourceVersionDate "2007.09.04"]
[SourceQuality "1"]

1. e4 e5 2. Nf3 Nf6 3. Nxe5 d6 4. Nf3 Nxe4 5. d4 d5 6. Bd3 Nc6 7. 0-0 Be7 8. c4 Bf5 9. Re1 Nb4 10. Bf1 0-0 11. a3 Nc6 12. Nc3 Nxc3 13. bxc3 Bg4 14. Rb1 Rb8 15. h3 Be6 16. cxd5 Bxd5 17. Bd3 Re8 18. Bf4 g6 19. Nd2 f6 20. h4 Bd6 21. Rxe8+ Qxe8 22. Bxd6 cxd6 23. Qg4 Kg7 24. Qf4 Qe7 25. h5 Rf8 26. Rb5 Bg8 27. hxg6 hxg6 28. Qg4 Bf7 29. Nf3 Qc7 30. Rh5 Ne7 31. Rh3 Rh8 32. Nh4 Qxc3 33. Qe4 Qc1+ 34. Kh2 Qc7 35. Kg1 d5 36. Qg4 Qc1+ 37. Kh2 Qg5 38. Qxg5 fxg5 39. Nf3 Rxh3+ 40. gxh3 Kf6 41. Bb5 Be6 42. Ne5 Nf5 43. Nf3 Nd6 44. Bd3 Bf5 45. Be2 g4 46. Ng1 gxh3 47. Nxh3 g5 48. f4 Bxh3 49. fxg5+ Kxg5 50. Kxh3 Kf4 51. Kg2 Ke3 52. Bd1 Ne4 53. Kf1 Kxd4 54. Ke1 Kc3 0-1

[Event "Rewal op 11th"]
[Site "Rewal"]
[Date "2006.08.24"]
[Round "5"]
[White "Hartung, Jerry"]
[Black "Kozjukova, Olga"]
[Result "1-0"]
[WhiteElo "2199"]
[BlackElo "2013"]
[PlyCount "75"]
[EventDate "2006.08.21"]
[EventType "swiss"]
[EventRounds "11"]
[EventCountry "POL"]
[SourceTitle "EXT 2010"]
[Source "ChessBase"]
[SourceDate "2010.11.25"]
[SourceVersion "1"]
[SourceVersionDate "2010.11.25"]
[SourceQuality "1"]

1. e4 c5 2. Nf3 d6 3. d4 cxd4 4. Nxd4 Nf6 5. Nc3 e6 6. Be2 Be7 7. 0-0 a6 8. f4 Qc7 9. Be3 Nc6 10. Kh1 0-0 11. a4 Bd7 12. Nb3 Na5 13. Nxa5 Qxa5 14. Qd2 Qc7 15. a5 Rac8 16. Bf3 Bc6 17. Qf2 Nd7 18. Bd4 Bf6 19. Rfd1 Rfd8 20. Qg3 Bxd4 21. Rxd4 e5 22. Rc4 exf4 23. Qxf4 Qb8 24. Bg4 Ne5 25. Rf1 Rc7 26. Rd4 Re7 27. h4 Qc7 28. Rfd1 h6 29. Bf5 g6 30. Bh3 Kh7 31. h5 Ree8 32. Qf6 Qxa5 33. Rxd6 Rxd6 34. Qxd6 Nc4 35. Qf6 Qc7 36. Rd7 Bxd7 37. Qxf7+ Kh8 38. hxg6 1-0

[Event "Rewal op 11th"]
[Site "Rewal"]
[Date "2006.08.23"]
[Round "3"]
[White "Swiercz, Dariusz"]
[Black "Kozjukova, Olga"]
[Result "1-0"]
[WhiteElo "2311"]
[BlackElo "2013"]
[PlyCount "53"]
[EventDate "2006.08.21"]
[EventType "swiss"]
[EventRounds "11"]
[EventCountry "POL"]
[SourceTitle "EXT 2010"]
[Source "ChessBase"]
[SourceDate "2010.11.25"]
[SourceVersion "1"]
[SourceVersionDate "2010.11.25"]
[SourceQuality "1"]

1. e4 c5 2. Nf3 d6 3. d4 cxd4 4. Nxd4 Nf6 5. Nc3 e6 6. Be2 Be7 7. 0-0 a6 8. f4 Qc7 9. Be3 Nc6 10. Qe1 0-0 11. Qg3 Bd7 12. Rae1 b5 13. a3 Rab8 14. Bd3 b4 15. Nd1 bxa3 16. bxa3 Qa5 17. Nf2 Rfd8 18. Kh1 g6 19. Nxc6 Bxc6 20. f5 Nh5 21. Qh3 e5 22. Ng4 Nf4 23. Bxf4 exf4 24. f6 Bf8 25. Nh6+ Kh8 26. Nxf7+ Kg8 27. Qe6 1-0

[Event "Rewal op 11th"]
[Site "Rewal"]
[Date "2006.08.21"]
[Round "1"]
[White "Kalinin, Oleg"]
[Black "Kozjukova, Olga"]
[Result "1-0"]
[WhiteElo "2337"]
[BlackElo "2013"]
[PlyCount "111"]
[EventDate "2006.08.21"]
[EventType "swiss"]
[EventRounds "11"]
[EventCountry "POL"]
[SourceTitle "EXT 2010"]
[Source "ChessBase"]
[SourceDate "2010.11.25"]
[SourceVersion "1"]
[SourceVersionDate "2010.11.25"]
[SourceQuality "1"]

1. d4 Nf6 2. Nf3 e6 3. c4 b6 4. e3 Bb7 5. a3 Be7 6. Nc3 d5 7. cxd5 exd5 8. b4 0-0 9. Qb3 Qc8 10. Rb1 c6 11. a4 Nbd7 12. Be2 Rb8 13. b5 c5 14. Ba3 Re8 15. 0-0 Nf8 16. dxc5 bxc5 17. a5 Ne6 18. Na4 Ne4 19. Rfc1 Qd8 20. b6 axb6 21. Bb5 Rf8 22. Nxb6 c4 23. Qa2 N6c5 24. Bxc5 Nxc5 25. Rd1 Ne4 26. Rbc1 Bb4 27. Qa4 Qe7 28. a6 Ba8 29. Nxa8 Rxa8 30. Bc6 Ra7 31. Bxd5 Nc3 32. Rxc3 Bxc3 33. Qxc4 Bf6 34. e4 Rc7 35. Qa2 Qc5 36. Bb7 Qc1 37. Qe2 Qa3 38. g3 Qa5 39. Rd2 Qb4 40. Ra2 Qb6 41. Kg2 Rd8 42. e5 Be7 43. Qe4 Qa7 44. e6 f6 45. h4 Bc5 46. Rc2 Qb8 47. h5 Re8 48. Nh4 Ba7 49. Re2 Rc5 50. Nf5 Qc7 51. Qa4 Rb8 52. e7 Re5 53. Qb3+ Kh8 54. Qf7 Rg8 55. h6 Rxf5 56. Qxg8+ 1-0

[Event "Litomysl op"]
[Site "Litomysl"]
[Date "2005.12.28"]
[Round "4"]
[White "Kozjukova, Olga"]
[Black "Leks, Maria"]
[Result "1-0"]
[WhiteElo "2026"]
[BlackElo "1718"]
[PlyCount "47"]
[EventDate "2005.12.26"]
[EventType "swiss"]
[EventRounds "9"]
[EventCountry "CZE"]
[SourceTitle "CBM 110 Extra"]
[Source "ChessBase"]
[SourceDate "2006.03.10"]
[SourceVersion "2"]
[SourceVersionDate "2006.03.10"]
[SourceQuality "1"]

1. e4 c5 2. Nf3 e6 3. d4 cxd4 4. Nxd4 a6 5. Bd3 Nf6 6. 0-0 d6 7. c4 b6 8. Nc3 Bb7 9. Qe2 g6 10. Bg5 Bg7 11. Nb3 Nbd7 12. f4 0-0 13. e5 dxe5 14. fxe5 Nxe5 15. Qxe5 Qxd3 16. Bxf6 Bxf6 17. Qxf6 Qxc4 18. Rad1 Qc6 19. Rf2 b5 20. Nd4 Qc5 21. Nf3 Bc6 22. Ne5 Be8 23. Ne4 Qc7 24. Ng5 1-0

[Event "Litomysl op"]
[Site "Litomysl"]
[Date "2005.12.26"]
[Round "1"]
[White "Zawadzki, Stanislaw"]
[Black "Kozjukova, Olga"]
[Result "1/2-1/2"]
[WhiteElo "2404"]
[BlackElo "2026"]
[PlyCount "91"]
[EventDate "2005.12.26"]
[EventType "swiss"]
[EventRounds "9"]
[EventCountry "CZE"]
[SourceTitle "CBM 110 Extra"]
[Source "ChessBase"]
[SourceDate "2006.03.10"]
[SourceVersion "2"]
[SourceVersionDate "2006.03.10"]
[SourceQuality "1"]

1. e4 c5 2. Nc3 Nc6 3. Bb5 d6 4. Bxc6+ bxc6 5. f4 Nf6 6. Nf3 g6 7. 0-0 Bg7 8. d3 Rb8 9. Qe1 Nd7 10. Kh1 e5 11. Rb1 0-0 12. Bd2 Qe7 13. Qg3 Ba6 14. b3 Rbe8 15. Rbe1 exf4 16. Qxf4 Ne5 17. Qg3 Bc8 18. h3 Nxf3 19. Rxf3 Be5 20. Qf2 Bd4 21. Qf1 Qh4 22. Rf4 Qh5 23. Qe2 Qe5 24. Nd1 Qe7 25. Qf1 Be5 26. Rf3 f5 27. exf5 Bxf5 28. Bh6 Rf7 29. Bf4 Qf6 30. Bxe5 Rxe5 31. Rxe5 Qxe5 32. Ne3 Be6 33. Rxf7 Bxf7 34. Ng4 Qg5 35. Qe1 h5 36. Qe3 Qxe3 37. Nxe3 Kg7 38. Kg1 Kf6 39. Kf2 Ke5 40. c3 d5 41. Nc2 d4 42. cxd4+ cxd4 43. h4 Be6 44. g3 Bg4 45. Ke1 Bf3 46. Kf2 1/2-1/2

[Event "Wch U16 Girls"]
[Site "Belfort"]
[Date "2005.07.26"]
[Round "9"]
[White "Kozjukova, Olga"]
[Black "Foisor, Sabina Francesca"]
[Result "0-1"]
[WhiteElo "1986"]
[BlackElo "2230"]
[PlyCount "78"]
[EventDate "2005.07.19"]
[EventType "swiss"]
[EventRounds "11"]
[EventCountry "FRA"]
[SourceTitle "CBM 107 Extra"]
[Source "ChessBase"]
[SourceDate "2005.09.01"]
[SourceVersion "1"]
[SourceVersionDate "2005.09.01"]
[SourceQuality "1"]

1. e4 c5 2. Nf3 a6 3. d4 cxd4 4. Nxd4 Nf6 5. Nc3 e5 6. Nb3 Bb4 7. Bd2 d6 8. Bd3 0-0 9. 0-0 b5 10. Qe2 Nbd7 11. f4 exf4 12. Rxf4 Ne5 13. Raf1 Be6 14. Rxf6 gxf6 15. Nd5 Bxd5 16. exd5 Bxd2 17. Nxd2 Ra7 18. Rf5 Ng6 19. Ne4 Re7 20. Nxf6+ Kg7 21. Qf2 Qa5 22. Nh5+ Kg8 23. Nf6+ Kg7 24. Nh5+ Kh8 25. Qd4+ Re5 26. c3 Qa4 27. Qf2 Qd1+ 28. Bf1 Qxd5 29. Rxe5 Qxe5 30. Nf6 Qc5 31. Ne4 Qxf2+ 32. Kxf2 Rd8 33. Ke3 Kg7 34. Kd4 f5 35. Ng5 Re8 36. Bd3 h6 37. Nf3 Kf6 38. g3 h5 39. c4 Ne5 0-1

[Event "Brno op"]
[Site "Brno"]
[Date "2005.07.08"]
[Round "7"]
[White "Kozjukova, Olga"]
[Black "Stanek, Stanislav"]
[Result "1-0"]
[WhiteElo "1990"]
[BlackElo "2034"]
[PlyCount "101"]
[EventDate "2005.07.02"]
[EventType "swiss"]
[EventRounds "7"]
[EventCountry "CZE"]
[SourceTitle "EXT 2006"]
[Source "ChessBase"]
[SourceDate "2005.11.24"]
[SourceVersion "1"]
[SourceVersionDate "2005.11.24"]
[SourceQuality "1"]

1. e4 d6 2. d4 c6 3. Nc3 e5 4. Be3 Be7 5. Qd2 h6 6. f4 exf4 7. Bxf4 Bg5 8. Nf3 Bxf4 9. Qxf4 Qf6 10. Qe3 Ne7 11. Bd3 Bg4 12. 0-0-0 Nd7 13. Rdf1 Bxf3 14. gxf3 g5 15. f4 Ng6 16. Ne2 Qe7 17. Rhg1 f6 18. Qh3 Nh4 19. Rg3 0-0-0 20. Re3 Kb8 21. Kb1 Rhe8 22. Nc3 Qg7 23. Qg3 Nb6 24. e5 dxe5 25. dxe5 fxe5 26. fxe5 Qc7 27. Rf6 Re7 28. Rxh6 Rg7 29. Rh5 Rdg8 30. e6 Nc8 31. Re5 Ka8 32. Rhxg5 Rxg5 33. Rxg5 Qxg3 34. Rxg3 Ne7 35. Kc1 Kb8 36. Kd2 Kc7 37. Rxg8 Nxg8 38. Ke3 Kd6 39. Bc4 Ke5 40. Ne2 Nf5+ 41. Kf3 b5 42. Bd3 Nfe7 43. Nf4 a5 44. h4 Nh6 45. h5 b4 46. Bc4 Kd4 47. Bb3 c5 48. Ng6 Nc8 49. e7 Nxe7 50. Nxe7 c4 51. Ba4 1-0

[Event "Brno op"]
[Site "Brno"]
[Date "2005.07.02"]
[Round "1"]
[White "Kozjukova, Olga"]
[Black "Zavadil, Michal"]
[Result "1/2-1/2"]
[WhiteElo "1990"]
[BlackElo "2099"]
[PlyCount "110"]
[EventDate "2005.07.02"]
[EventType "swiss"]
[EventRounds "7"]
[EventCountry "CZE"]
[SourceTitle "EXT 2006"]
[Source "ChessBase"]
[SourceDate "2005.11.24"]
[SourceVersion "1"]
[SourceVersionDate "2005.11.24"]
[SourceQuality "1"]

1. e4 d5 2. exd5 Qxd5 3. Nc3 Qa5 4. d4 c6 5. Nf3 Be6 6. Be2 Nf6 7. 0-0 g6 8. Re1 Bg7 9. Ng5 Bd5 10. Bf3 h6 11. Qe2 Qd8 12. Bxd5 cxd5 13. Qb5+ Qd7 14. Nf3 a6 15. Qd3 Nc6 16. Ne5 Qf5 17. Qxf5 gxf5 18. Nf3 e6 19. Rd1 Rc8 20. Ne2 Ne4 21. Bf4 b5 22. Ne1 Ke7 23. c3 b4 24. f3 Nd6 25. Nd3 bxc3 26. bxc3 Nb5 27. Rac1 Na5 28. Nb4 Rc4 29. Nxa6 Rhc8 30. Bd2 Ra4 31. Nb4 Nc4 32. Be1 Kd7 33. Rb1 Rb8 34. Nf4 Ra3 35. Rb3 Rxb3 36. axb3 Na5 37. Rb1 Rc8 38. Ne2 Kd6 39. Kf1 Ra8 40. Nd3 Nc6 41. Bg3+ Ke7 42. Ne5 Nxe5 43. dxe5 Ra2 44. c4 Na3 45. Rc1 dxc4 46. bxc4 Nc2 47. f4 Kd7 48. Bf2 Nb4 49. Rb1 Bf8 50. Rd1+ Kc7 51. Nd4 Kc8 52. Nb5 Rc2 53. Ra1 Kb8 54. Nd6 Bxd6 55. exd6 Rxc4 1/2-1/2

[Event "EU Union-ch U16"]
[Site "Mureck"]
[Date "2004.??.??"]
[Round "4"]
[White "Kozjukova, Olga"]
[Black "Radnai, Adam"]
[Result "1-0"]
[WhiteElo "1985"]
[BlackElo "2165"]
[PlyCount "72"]
[EventDate "2004.08.??"]
[EventType "swiss"]
[EventRounds "9"]
[EventCountry "AUT"]
[SourceTitle "EXT 2005"]
[Source "ChessBase"]
[SourceDate "2004.11.15"]
[SourceVersion "1"]
[SourceVersionDate "2004.11.15"]
[SourceQuality "1"]

1. e4 c5 2. Nf3 Nc6 3. Bb5 Qc7 4. 0-0 a6 5. Be2 e5 6. c3 Nf6 7. Qc2 Be7 8. h3 h6 9. Re1 g5 10. a3 d6 11. d4 g4 12. hxg4 Bxg4 13. Be3 h5 14. b4 c4 15. Nbd2 b5 16. a4 Rb8 17. axb5 axb5 18. d5 Nd8 19. Ra7 Qc8 20. Rea1 Rg8 21. Nf1 Nb7 22. R1a6 Nxe4 23. Nxe5 Bf5 24. Rc6 dxe5 25. Rxc8+ Rxc8 26. Bf3 Nbd6 27. Qb2 h4 28. Nd2 Nf6 29. Bc5 e4 30. Be2 Nxd5 31. Ra6 Rd8 32. Qa1 Nf4 33. Bf1 Nxg2 34. Kh1 Nf4 35. Ra8 Nc8 36. Bxe7 Kxe7 1-0

[Event "EU Union-ch U16"]
[Site "Mureck"]
[Date "2004.??.??"]
[Round "7"]
[White "Wolfram, Dominik"]
[Black "Kozjukova, Olga"]
[Result "1-0"]
[WhiteElo "2102"]
[BlackElo "1985"]
[PlyCount "121"]
[EventDate "2004.08.??"]
[EventType "swiss"]
[EventRounds "9"]
[EventCountry "AUT"]
[SourceTitle "EXT 2005"]
[Source "ChessBase"]
[SourceDate "2004.11.15"]
[SourceVersion "1"]
[SourceVersionDate "2004.11.15"]
[SourceQuality "1"]

1. e4 c5 2. Nf3 d6 3. c3 Nf6 4. Be2 e6 5. 0-0 Be7 6. Qc2 Qc7 7. d3 h6 8. h3 Nbd7 9. Be3 0-0 10. Nbd2 d5 11. Rac1 b6 12. d4 cxd4 13. Nxd4 Nc5 14. Nb5 Qb8 15. exd5 Nxd5 16. Bxc5 Bxc5 17. Ne4 Be7 18. c4 Nb4 19. Qb3 Bb7 20. Bf3 Nc6 21. c5 Ne5 22. cxb6 Bd5 23. Qc3 Nxf3+ 24. gxf3 Qxb6 25. Nc7 Bxe4 26. fxe4 Rac8 27. Qb3 Qd4 28. Nxe6 Qe5 29. Nxf8 Bd6 30. Qg3 Rxc1 31. Rxc1 Qd4 32. Qe3 Qxe3 33. fxe3 Kxf8 34. Kf2 Be5 35. b4 Ke7 36. b5 Kd7 37. a4 Bc7 38. Ke2 Bb6 39. Rc6 h5 40. Kf3 Ke7 41. Kf4 Kd7 42. Rc3 g6 43. Ke5 Ke7 44. Kd5 Kd7 45. e5 Ke7 46. e4 Kd7 47. Rf3 Ke7 48. Rf6 g5 49. Rf5 Be3 50. Rf3 Bd2 51. Rg3 Kd7 52. Kc5 Ke6 53. a5 Bxa5 54. Rxg5 Bb6+ 55. Kc6 h4 56. Rh5 Bf2 57. Kb7 Ke7 58. Rh6 Ke8 59. e6 fxe6 60. Rxe6+ Kf7 61. Ra6 1-0